External insulation of masonry walls and wood framed walls /

Bibliographic Details
Main Author: Baker, P. (Author)
Corporate Authors: Building Science Corporation (Creator), Building America (Program : U.S.), Building Technologies Program (U.S.)
Format: Government Document eBook
Language:English
Published: Golden, CO : U.S. Department of Energy, Office of Energy Efficiency & Renewable Energy, Building Technologies Program, 2013.
Subjects:
Online Access:https://purl.fdlp.gov/GPO/gpo37262
http://purl.fdlp.gov/GPO/gpo37262

MARC

Tag First Indicator Second Indicator Subfields
LEADER 00000cam a2200000 i 4500
001 in00003270708
005 20210312122335.0
006 m o d f
007 cr b||||||||||
008 130606s2013 coua ob f000 0 eng c
035 |a (OCoLC)ocn846919828 
042 |a pcc 
043 |a n-us--- 
040 |a GPO  |b eng  |e rda  |c GPO  |d GPO  |d IUL  |d GPO  |d MvI 
049 |a WWW 
074 |a 0429-A-90 (online) 
086 0 |a E 1.177:DOE/GO-102013-3571 
088 |a DOE/GO-102013-3571 
100 1 |a Baker, P.,  |e author. 
245 1 0 |a External insulation of masonry walls and wood framed walls /  |c prepared by : P. Baker, Building Science Corporation ; prepared for: The National Renewable Energy Laboratory, On behalf of the U.S. Department of Energy's Building America Program, Office of Energy Efficiency and Renewable Energy. 
264 1 |a Golden, CO :  |b U.S. Department of Energy, Office of Energy Efficiency & Renewable Energy, Building Technologies Program,  |c 2013. 
300 |a 1 online resource (x, 113 pages) :  |b illustrations 
336 |a text  |2 rdacontent 
337 |a computer  |2 rdamedia 
338 |a online resource  |2 rdacarrier 
500 |a Title from title screen (viewed June 5, 2013). 
500 |a "January 2013." 
500 |a "DOE/GO-102013-3571"--Page [124]. 
500 |a "NREL technical monitor: Cheryn Metzger." 
500 |a "Prepared under subcontract no. KNDJ-0-40337-00." 
536 |b DE-AC36-08GO28308 
504 |a Includes bibliographical references (page 40). 
650 0 |a Buildings  |x Energy conservation  |z United States. 
650 0 |a Dwellings  |x Energy conservation  |z United States. 
710 2 |a Building Science Corporation,  |e creator. 
710 2 |a National Renewable Energy Laboratory (U.S.),  |e issuing body. 
710 2 |a Building America (Program : U.S.) 
710 2 |a Building Technologies Program (U.S.) 
856 4 0 |u https://purl.fdlp.gov/GPO/gpo37262  |t 0 
856 4 0 |u http://purl.fdlp.gov/GPO/gpo37262  |t 0 
999 f f |s 0d6bfb4b-4c77-3800-b896-bb48c402e046  |i 52d44424-7f27-3487-a9fe-752b1fa6da07  |t 0 
952 f f |a Texas A&M University  |b College Station  |c Electronic Resources  |d Available Online  |t 0  |e E 1.177:DOE/GO-102013-3571  |h Superintendent of Documents classification 
998 f f |a E 1.177:DOE/GO-102013-3571  |t 0  |l Available Online